000 00676cam a2200145 4500500
005 20260111142129.0
041 _afre
042 _adc
100 1 0 _aMoureau, François
_eauthor
245 0 0 _aGaëtane Maës, De l’expertise artistique à la vulgarisation au siècle des Lumières. Jean-Baptiste Descamps (1715-1791) et la peinture flamande, hollandaise et allemande, [Turnhout], Brepols, 608 p., 89 fig. en N&B, 20 pl. en couleurs
260 _c2018.
500 _a70
786 0 _nDix-huitième siècle | 50 | 1 | 2018-08-22 | p. CVIII-CVIII | 0070-6760
856 4 1 _uhttps://shs.cairn.info/revue-dix-huitieme-siecle-2018-1-page-CVIII?lang=fr&redirect-ssocas=7080
999 _c1635586
_d1635586